000 00709nam a2200253Ia 4500
003 OSt
005 20220928103225.0
006 a|||||r|||| 00| 0
007 ta
008 220927b |||||||| |||| 00| 0 hin d
020 _cINR 495.00
024 _a139377
037 _b276, 05/02/2019, Literacy House
_cTextual
040 _aSDCL
_cSDCL
_bhin
041 _2hin
_ahin
082 _aY:1.211'K, Q7
100 _aSheshan M.
_9402918
245 0 _aTamil sanskriti
260 _aDelhi
_bHastakshar Prakashan
_c2017
300 _a204p.
_ccm.
650 _aHindi
_9391598
942 _hY:1.211'K, Q7
_cTEXL
_2CC
999 _c718725
_d718725